Relaciones de producción en el campo: el problema del feudalismo y de la coacción extraeconómica /

Na minha lista:
Detalhes bibliográficos
Autor principal: Archetti, Eduardo P.
Formato: Texto
Tags: Adicionar Tag
Sem tags, seja o primeiro a adicionar uma tag!

MARC

LEADER 00000 a a2200000 04500
001 7950
003
040 |a CRAI/IIS  |c CRAI/IIS 
100 |a Archetti, Eduardo P.  
245 |a Relaciones de producción en el campo:   |b el problema del feudalismo y de la coacción extraeconómica /  |c Eduardo P. Archetti 
773 |g número 6; páginas 121-138  
999 |c 20066  |d 20066